Gala 6 OT2017 - Estadísticas

Estadísticas generales
  • Esta prueba ha sido intentada 15 veces
  • La puntuación promedio es 7 de 10
Estadísticas de respuestas
Imagen Hint Respuesta % Correcto
Nerea Quédate conmigo
93%
Roi La llamada
87%
Amaia So What
80%
Ana Guerra y Mireya Comiéndote a besos
73%
Cepeda Quién
73%
Aitana y Raoul Let Me Love You
67%
Miriam Que te quería
60%
Ricky Let Me Entertain You
53%
Agoney y Alfred The lady is a tramp
40%
Grupal Ain't No Mountain High Enough
27%
No se encontraron pruebas coincidentes
Distribución de puntuación
Porcentaje de gente con cada puntuación
Porcentaje por número respondido
Historial de tus puntuaciones
No has intentado esta prueba.